[Event "BCC Adolf Anderssen Friday Night Marath"]
[Site "Berkeley"]
[Date "2009.02.06"]
[Round "5"]
[White "Motschenbacher, Von"]
[Black "Gonda, Thomas A"]
[Result "1-0"]
[WhiteElo "1772"]
[BlackElo "1445"]
[PlyCount "101"]
[EventDate "2009.??.??"]
[SourceDate "2007.10.22"]

1. c4 Nf6 2. Nc3 c5 3. Nf3 e6 4. e3 d5 5. cxd5 exd5 6. d4 Nc6 7. g3 Bf5 8. a3
c4 9. Bg2 Na5 10. Ne5 Nb3 11. Ra2 Bd6 12. O-O Qc7 13. Nb5 Qb6 14. Nxd6+ Qxd6
15. Bd2 a5 16. Bc3 O-O 17. g4 Be4 18. f3 Bg6 19. h4 h5 20. g5 Nd7 21. Nxg6 Qxg6
22. f4 Qe6 23. Re1 Nb6 24. Qxh5 Rfe8 25. Qf3 Qf5 26. e4 dxe4 27. Rxe4 Nd5 28.
Rxe8+ Rxe8 29. Qxd5 Qb1+ 30. Bf1 Qxa2 31. Bxc4 Qb1+ 32. Kf2 Qc2+ 33. Kg3 Re3+
34. Kg4 Qd1+ 35. Kf5 g6+ 36. Kf6 Re6+ 37. Qxe6 fxe6 38. Bxe6+ Kf8 39. Kxg6 Nxd4
40. Bc8 Qd3+ 41. f5 Nc6 42. Bg7+ Ke8 43. Kh6 Ne7 44. Be6 Nxf5+ 45. Bxf5 Qxf5
46. h5 b5 $2 (46... Kf7 47. g6+ Kg8 48. Bf6 Qxf6 49. -- Qf4#) 47. g6 Ke7 48.
Bc3 Qf4+ 49. Kh7 Qc7 $4 (49... Qg5 $142 50. h6 Ke6 51. Bxa5 (51. g7 Kf7)) 50.
g7 Ke6 51. Kh8 1-0

[Event "BCC David Pruess Marathon"]
[Site "?"]
[Date "2008.09.19"]
[Round "3.2"]
[White "Motschenbacher, Von"]
[Black "Jahedi, Salar"]
[Result "0-1"]
[WhiteElo "1772"]
[BlackElo "2082"]
[PlyCount "120"]
[EventDate "2008.??.??"]
[SourceDate "2007.10.22"]

1. c4 Nf6 2. Nc3 e5 3. Nf3 Nc6 4. g3 d5 5. cxd5 Nxd5 6. Bg2 Nf6 7. O-O Bc5 8.
Na4 Be7 9. Nc3 O-O 10. d3 Re8 11. Bg5 h6 12. Be3 Ng4 13. Bd2 Bc5 14. Na4 Bf8
15. Nc3 a6 16. Rc1 Bc5 17. a3 Ba7 18. b4 Be6 19. Ne4 Bd5 20. Nc5 Nb8 21. h3 Nf6
22. Qc2 Bc6 23. Qb2 Nfd7 24. Be3 Nxc5 25. Bxc5 Nd7 26. Bxa7 Rxa7 27. Rfd1 Qe7
28. e3 Raa8 29. d4 e4 30. Nd2 Nb6 31. Rxc6 bxc6 32. Nxe4 a5 33. Nc5 axb4 34.
axb4 Nd5 35. e4 Nf6 36. Ra1 Reb8 37. Rxa8 Rxa8 38. e5 Nd5 39. b5 Rb8 40. Bxd5
cxd5 41. Qb3 Qd8 42. e6 fxe6 43. Nxe6 Qd7 44. Nc5 Rxb5 45. Nxd7 Rxb3 46. Ne5
Rb1+ 47. Kg2 Re1 48. Nf3 Re4 49. Kf1 Kf8 50. g4 Ke7 51. Ne5 Kd6 52. Nf7+ Kc6
53. Ne5+ Kb5 54. Nf3 Kc4 55. Nd2+ Kxd4 56. Nxe4 Kxe4 57. Ke2 g5 58. f3+ Kf4 59.
Kf2 d4 60. Ke2 d3+ 0-1

[Event "Berkeley CC Ch2011 FNM; 30/90, SD/30"]
[Site "Berkeley"]
[Date "2011.11.25"]
[Round "4.9"]
[White "Motschenbacher, Von"]
[Black "Kenny, Michael"]
[Result "1/2-1/2"]
[WhiteElo "1687"]
[BlackElo "1815"]
[PlyCount "77"]
[EventDate "2011.??.??"]
[SourceDate "2007.10.22"]

1. c4 c6 2. Nc3 d5 3. cxd5 cxd5 4. d4 Nf6 5. Nf3 Nc6 6. Bf4 a6 7. e3 Bf5 8. Rc1
e6 9. Be2 Bd6 10. Ne5 Rc8 11. O-O O-O 12. a3 Ne4 13. Nxe4 Bxe5 14. Bxe5 Nxe5
15. Rxc8 Qxc8 16. Nd6 Qd7 17. Nxf5 Nc6 18. Nh4 Rc8 19. b4 h6 20. Nf3 b5 21. Qd2
Na7 22. Rc1 Qd8 23. Ne5 Qe8 24. Rc3 f6 25. Nd3 Rc6 26. Qc2 Rc4 27. Nc5 Rxc3 28.
Qxc3 Qc8 29. Bg4 f5 30. Be2 Qc6 31. Qc2 Nc8 32. Bf3 Kf7 33. Nd3 Ke7 34. Nc5 Nd6
35. Qd3 Nc4 36. g4 g6 37. gxf5 exf5 38. h4 h5 39. Kg2 1/2-1/2

[Event "Paul Morphy Sunday Night Marathon"]
[Site "?"]
[Date "2008.06.29"]
[Round "6.4"]
[White "Motschenbacher, Von"]
[Black "Landrum, Brett"]
[Result "1-0"]
[WhiteElo "1785"]
[BlackElo "1587"]
[PlyCount "55"]
[EventDate "2008.05.18"]
[SourceDate "2007.10.22"]

1. c4 e5 2. Nc3 Nf6 3. Nf3 Nc6 4. g3 Be7 5. Bg2 d6 6. O-O Bd7 7. d4 exd4 8.
Nxd4 O-O 9. Re1 Qc8 10. Nd5 Nxd4 11. Nxe7+ Kh8 12. Nxc8 Nc6 13. Bxc6 Bxc6 14.
Ne7 Bd7 15. Nd5 Nxd5 16. cxd5 Bh3 17. e4 f5 18. exf5 Rxf5 19. Re7 Raf8 20. f4
c5 21. b3 h5 22. Bb2 Rg8 23. Qd2 b5 24. Rae1 b4 25. Rxg7 Rxg7 26. Re7 Re5 27.
Rxg7 Kxg7 28. fxe5 1-0

[Event "Berkeley CS Rubinstein FNM; 30/90, SD/3"]
[Site "Berkeley"]
[Date "2011.09.02"]
[Round "6.6"]
[White "Motschenbacher, Von"]
[Black "Lesquillier, Walter"]
[Result "1/2-1/2"]
[WhiteElo "1772"]
[BlackElo "1696"]
[PlyCount "35"]
[EventDate "2011.??.??"]
[SourceDate "2007.10.22"]

1. f4 d5 2. b3 Nf6 3. Bb2 g6 4. Nf3 c5 5. e3 Bg7 6. Bb5+ Bd7 7. Bxd7+ Nbxd7 8.
O-O e6 9. Qe1 O-O 10. d3 b5 11. Nbd2 Ne8 12. Bxg7 Kxg7 13. Ne5 f6 14. Nxd7 Qxd7
15. e4 Nc7 16. Nf3 dxe4 17. dxe4 Rad8 18. Qe2 1/2-1/2

[Event "BCC Josh Friedel Marathon"]
[Site "Berkeley"]
[Date "2008.08.01"]
[Round "4.3"]
[White "Motschenbacher, Von"]
[Black "Petty, David A"]
[Result "0-1"]
[WhiteElo "1785"]
[BlackElo "1988"]
[PlyCount "62"]
[EventDate "2008.??.??"]
[SourceDate "2007.10.22"]

1. c4 Nf6 2. Nc3 c5 3. Nf3 g6 4. g3 Bg7 5. Bg2 Nc6 6. O-O O-O 7. d4 cxd4 8.
Nxd4 Ne5 9. b3 d6 10. Bb2 Rb8 11. Qd2 a6 12. Rfd1 Qd7 13. Rac1 b6 14. Nd5 Nxd5
15. cxd5 Qa7 16. Nc6 Nxc6 17. Bxg7 Kxg7 18. Rxc6 Bd7 19. Qc3+ Kg8 20. Rc7 Rb7
21. Rc1 Rxc7 22. Qxc7 Rc8 23. Qxc8+ Bxc8 24. Rxc8+ Kg7 25. e4 b5 26. Rc3 Qd4
27. Re3 Qa1+ 28. Bf1 Qxa2 29. Kg2 Qd2 30. Rd3 Qc2 31. Re3 g5 0-1

[Event "BCC Annual Championship"]
[Site "?"]
[Date "2008.10.24"]
[Round "1.5"]
[White "Motschenbacher, Von"]
[Black "Ren, James"]
[Result "0-1"]
[WhiteElo "1765"]
[BlackElo "1320"]
[PlyCount "40"]
[EventDate "2008.??.??"]
[SourceDate "2007.10.22"]

1. c4 e5 2. Nc3 Nf6 3. Nf3 Nc6 4. g3 d5 5. cxd5 Nxd5 6. Bg2 Be6 7. O-O Bc5 8.
e3 f6 9. d4 exd4 10. exd4 Bb6 11. Re1 Kf7 12. Ng5+ fxg5 13. Qf3+ Nf6 14. Ne4 h6
15. Bxg5 Nxd4 16. Qf4 hxg5 17. Nxg5+ Ke7 18. Nxe6 Nxe6 19. Rad1 Qxd1 20. Qe5
Bxf2+ 0-1

[Event "Berkeley CC Capablanca FNM; 30/90, SD/3"]
[Site "Berkeley"]
[Date "2011.10.14"]
[Round "5.11"]
[White "Motschenbacher, Von"]
[Black "Sadowsky, Jacob"]
[Result "1/2-1/2"]
[WhiteElo "1741"]
[BlackElo "1450"]
[PlyCount "75"]
[EventDate "2011.??.??"]
[SourceDate "2007.10.22"]

1. f4 d5 2. b3 Nf6 3. Bb2 Nc6 4. Nf3 e6 5. e3 Bc5 6. Bb5 O-O 7. Bxc6 bxc6 8.
Ne5 Bb7 9. O-O Bb6 10. Qf3 d4 11. Nc4 dxe3 12. Nxb6 cxb6 13. dxe3 Nd5 14. Rd1
Qh4 15. c4 Nb4 16. Nc3 Rad8 17. g3 Qh3 18. Qe2 c5 19. e4 Nc6 20. Nb5 f5 21.
exf5 exf5 22. Qe6+ Kh8 23. Rd5 Nd4 24. Nxd4 Bxd5 25. cxd5 cxd4 26. Bxd4 Rfe8
27. Qf7 Rg8 28. Re1 Rc8 29. d6 Qg4 30. d7 Rcd8 31. Be5 h5 32. Kg2 h4 33. Bd6
Kh7 34. Re8 h3+ 35. Kf2 Rdxe8 36. dxe8=Q Rxe8 37. Qxe8 Qd1 38. Qe2 1/2-1/2

[Event "Blackburne Friday Night Marathon"]
[Site "Berkeley"]
[Date "2009.04.10"]
[Round "5.11"]
[White "Motschenbacher, Von"]
[Black "Shaughnessy, Stephen"]
[Result "1-0"]
[WhiteElo "1717"]
[BlackElo "1718"]
[PlyCount "45"]
[EventDate "2009.??.??"]
[SourceDate "2007.10.22"]

1. c4 e5 2. Nc3 Nf6 3. Nf3 Nc6 4. g3 Bc5 5. d3 d6 6. Bg2 Be6 7. O-O h6 8. Na4
Qd7 9. a3 Bh3 10. b4 Bxg2 11. Kxg2 Bd4 12. Rb1 a6 13. Nxd4 Nxd4 14. Nc3 Nh7 15.
Nd5 Ng5 16. f4 Qh3+ 17. Kg1 Nge6 18. e3 Nf5 19. Qf3 exf4 20. Nxf4 Nxf4 21. Qxf4
g6 22. Bb2 O-O 23. e4 1-0

[Event "Berkeley CS Rubinstein FNM; 30/90, SD/3"]
[Site "Berkeley"]
[Date "2011.08.26"]
[Round "5.6"]
[White "Motschenbacher, Von"]
[Black "Smail, John"]
[Result "0-1"]
[WhiteElo "1772"]
[BlackElo "1837"]
[PlyCount "60"]
[EventDate "2011.??.??"]
[SourceDate "2007.10.22"]

1. c4 e6 2. Nc3 f5 3. Nf3 Nf6 4. d4 Be7 5. e3 O-O 6. Bd3 d6 7. O-O Nc6 8. Re1
e5 9. dxe5 dxe5 10. Be2 Qe8 11. Nd5 Bd8 12. Ng5 Qg6 13. h4 Ne4 14. Bh5 Qh6 15.
Nxc7 Bxg5 16. hxg5 Qxg5 17. Nxa8 Rd8 18. Qe2 Nf6 19. Bf3 e4 20. Rd1 Rf8 21. Nc7
Ne5 22. Bh5 Nxh5 23. Kf1 Qh4 24. Ke1 f4 25. Rd5 Bg4 26. Qc2 Qh1+ 27. Kd2 fxe3+
28. Kxe3 Qe1+ 29. Kd4 Nc6+ 30. Kc5 Qb4# 0-1

[Event "Berkeley CC FNM; 30/90, SD/30"]
[Site "Berkeley"]
[Date "2009.06.05"]
[Round "6.3"]
[White "Motschenbacher, Von"]
[Black "Sowell, Nelson M"]
[Result "0-1"]
[WhiteElo "1732"]
[BlackElo "1752"]
[PlyCount "34"]
[EventDate "2009.??.??"]
[SourceDate "2007.10.22"]

1. c4 Nf6 2. Nc3 b6 3. e4 Bb7 4. d3 d6 5. Nf3 Nbd7 6. g3 e5 7. Bg2 Be7 8. O-O
O-O 9. b4 d5 10. cxd5 Bxb4 11. Bb2 c6 12. dxc6 Bxc6 13. Qb3 a5 14. Na4 b5 15.
Nc3 Nc5 16. Qc2 Qxd3 17. Qxd3 Nxd3 0-1

[Event "BCC Adolf Anderssen Friday Night Marath"]
[Site "Berkeley"]
[Date "2009.02.13"]
[Round "6"]
[White "Motschenbacher, Von"]
[Black "Sowell, Nelson M"]
[Result "0-1"]
[WhiteElo "1772"]
[BlackElo "1738"]
[PlyCount "52"]
[EventDate "2009.??.??"]
[SourceDate "2007.10.22"]

1. c4 Nf6 2. Nc3 e6 3. e4 d6 4. d4 b6 5. Nf3 Bb7 6. Bd3 Nbd7 7. O-O Be7 8. Re1
O-O 9. e5 dxe5 10. dxe5 Ne8 11. Ne4 g6 12. Bh6 Ng7 13. Neg5 Nc5 14. Bc2 Qxd1
15. Raxd1 Rfd8 16. b4 Na6 17. a3 Nf5 18. Bxf5 exf5 19. Kf1 Rxd1 20. Rxd1 Rd8
21. Rxd8+ Bxd8 22. Ke2 Nb8 23. g3 Nd7 24. Ke3 Be7 25. Nh3 Bxf3 26. Kxf3 Nxe5+
0-1

[Event "Berkeley CC Ch2011 FNM; 30/90, SD/30"]
[Site "Berkeley"]
[Date "2011.12.09"]
[Round "6.9"]
[White "Motschenbacher, Von"]
[Black "Tan, Justin J"]
[Result "1-0"]
[WhiteElo "1687"]
[BlackElo "1481"]
[PlyCount "69"]
[EventDate "2011.??.??"]
[SourceDate "2007.10.22"]

1. f4 d5 2. b3 c5 3. Nf3 Nc6 4. Bb2 Nf6 5. e3 e6 6. Bb5 Bd7 7. O-O Bd6 8. Qe1
a6 9. Bxc6 Bxc6 10. Qg3 O-O 11. d3 Re8 12. Nbd2 d4 13. e4 Nh5 14. Qg4 Nxf4 15.
e5 Bxf3 16. Nxf3 Bxe5 17. Nxe5 Ng6 18. Nxf7 Qe7 19. Rae1 e5 20. Bc1 h6 21. Qxg6
Qe6 22. Nxh6+ Kh8 23. Rf8+ Rxf8 24. Qxe6 gxh6 25. Qxh6+ Kg8 26. Rxe5 Rad8 27.
Rg5+ Kf7 28. Rf5+ Ke7 29. Bg5+ Kd7 30. Rxf8 Rxf8 31. Qxf8 Kc7 32. a4 b5 33. Qe8
Kd6 34. Bf4+ Kd5 35. Qe4# 1-0

[Event "Berkeley CC FNM; 30/90, SD/30"]
[Site "Berkeley"]
[Date "2009.05.08"]
[Round "2.3"]
[White "Motschenbacher, Von"]
[Black "Trestor, David J"]
[Result "0-1"]
[WhiteElo "1732"]
[BlackElo "1666"]
[PlyCount "72"]
[EventDate "2009.??.??"]
[SourceDate "2007.10.22"]

1. c4 Nf6 2. Nc3 d5 3. cxd5 Nxd5 4. d4 g6 5. Nf3 Bg7 6. e3 c5 7. Bb5+ Nc6 8.
O-O O-O 9. Bxc6 bxc6 10. Ne4 cxd4 11. exd4 Bg4 12. Be3 Qb6 13. b3 Bxf3 14. Qxf3
Bxd4 15. Bxd4 Qxd4 16. Rfd1 Qe5 17. Rac1 f5 18. Nc5 Rfd8 19. Nb7 Rdc8 20. Re1
Qc7 21. Nc5 e5 22. Qe2 Re8 23. Qc4 Rac8 24. Nd3 Kg7 25. Nc5 e4 26. Rcd1 Re7 27.
g3 Qe5 28. Rc1 g5 29. Nd3 Qf6 30. Nc5 h5 31. Kg2 g4 32. b4 e3 33. b5 Qb2 34.
Rc2 Qxb5 35. Qd4+ Kg6 36. fxe3 Qb4 0-1

[Event "Berkeley CC Reti FNM; 30/90, SD/60"]
[Site "Berkeley CA"]
[Date "2011.04.29"]
[Round "2.14"]
[White "Motschenbacher, Von"]
[Black "Wang, Michael Lei"]
[Result "0-1"]
[WhiteElo "1762"]
[BlackElo "1735"]
[PlyCount "82"]
[EventDate "2011.??.??"]
[SourceDate "2007.10.22"]

1. c4 c6 2. Nc3 d5 3. cxd5 cxd5 4. d4 Nf6 5. Bf4 a6 6. Nf3 Nc6 7. e3 Bf5 8. Be2
e6 9. O-O Be7 10. Rc1 Rc8 11. Nh4 Bg6 12. Nxg6 hxg6 13. Bg5 Nd7 14. Bxe7 Qxe7
15. g3 O-O 16. Na4 b5 17. Nc5 Nxc5 18. Rxc5 Na5 19. b4 Rxc5 20. dxc5 Nc4 21.
Qd4 Qf6 22. Rd1 Qxd4 23. Rxd4 f5 24. h4 Kf7 25. g4 Ke7 26. Kg2 Kd7 27. a4 Kc6
28. a5 Na3 29. Bd1 Nc4 30. Be2 e5 31. Rd1 f4 32. exf4 Rxf4 33. Bf3 Rd4 34. Rxd4
exd4 35. Be2 Nb2 36. Kf1 d3 37. Bf3 d2 38. Be2 d1=Q+ 39. Bxd1 Nxd1 40. Ke2 Nc3+
41. Kd3 Na2 0-1

[Event "BCC Championship"]
[Site "Berkeley"]
[Date "2008.12.05"]
[Round "6.3"]
[White "Motschenbacher, Von"]
[Black "Watson, Farid Mark"]
[Result "0-1"]
[WhiteElo "1765"]
[BlackElo "1955"]
[PlyCount "74"]
[EventDate "2008.??.??"]
[SourceDate "2007.10.22"]

1. c4 c5 2. Nc3 Nc6 3. Nf3 e5 4. g3 g6 5. d3 Bg7 6. Bg2 Nge7 7. O-O O-O 8. e4
d6 9. Nd5 h6 10. Be3 Kh7 11. Rb1 a5 12. Qd2 f5 13. Ne1 Rb8 14. a4 Nxd5 15. cxd5
Nd4 16. b3 f4 17. Bxd4 cxd4 18. f3 b5 19. Nc2 b4 20. g4 Bf6 21. Rfc1 Bg5 22.
Qe2 Rb7 23. Ne1 Rc7 24. Rxc7+ Qxc7 25. Qc2 Qxc2 26. Nxc2 Ba6 27. Rd1 Rc8 28.
Na1 h5 29. Kf2 Rc3 30. Ke2 Kh6 31. h3 Bd8 32. Bf1 Kg5 33. Kd2 Kh4 34. Rc1 Rxc1
35. Kxc1 Kg3 36. gxh5 gxh5 37. Kd2 Kf2 0-1

[Event "BCC David Pruess Marathon"]
[Site "?"]
[Date "2008.09.05"]
[Round "1.7"]
[White "Motschenbacher, Von"]
[Black "Zeng, Kairui"]
[Result "1-0"]
[WhiteElo "1772"]
[BlackElo "1007"]
[PlyCount "69"]
[EventDate "2008.??.??"]
[SourceDate "2007.10.22"]

1. c4 e5 2. Nc3 Nc6 3. Nf3 Bc5 4. g3 d6 5. Bg2 Nf6 6. O-O O-O 7. Na4 e4 8. Ng5
Ng4 9. Nxe4 Bd4 10. e3 Be5 11. d4 Bf6 12. Nac3 Bf5 13. Nd5 Rc8 14. b4 Re8 15.
Qc2 Bg5 16. Bd2 Qd7 17. b5 Nxd4 18. exd4 Bxd2 19. h3 Bxe4 20. Bxe4 Nh6 21. Kg2
Re6 22. Bxh7+ Kh8 23. Bd3 Bg5 24. f4 Bf6 25. Qf2 Rce8 26. f5 Re4 27. Bxe4 Rxe4
28. Nxf6 gxf6 29. g4 Qe8 30. Rae1 Nxg4 31. Qh4+ Kg7 32. hxg4 Re2+ 33. Rxe2
Qxe2+ 34. Qf2 Qxg4+ 35. Qg3 1-0

[Event "BCC Adolf Anderssen Friday Night Marath"]
[Site "Berkeley"]
[Date "2009.01.09"]
[Round "1.5"]
[White "Motschenbacher, Von"]
[Black "Zhang, Jeffrey"]
[Result "1-0"]
[WhiteElo "1772"]
[BlackElo "1172"]
[PlyCount "151"]
[EventDate "2009.??.??"]
[SourceDate "2007.10.22"]

1. c4 e6 2. Nc3 d5 3. cxd5 exd5 4. d4 Nf6 5. Nf3 Be7 6. e3 O-O 7. Bd3 c6 8. O-O
Nbd7 9. Rb1 Re8 10. b4 a6 11. Na4 Nf8 12. Nc5 Ne6 13. Ne5 Nxc5 14. bxc5 Bxc5
15. Nxc6 bxc6 16. dxc5 Qc7 17. Qc2 h6 18. Bb2 Qe7 19. Bxf6 Qxf6 20. Rb6 a5 21.
Rfb1 Bd7 22. Qb3 Qe5 23. Qb2 Qxb2 24. R6xb2 g6 25. Rb7 Be6 26. a3 Rad8 27. Kf1
Kg7 28. Rc7 Rc8 29. Rxc8 Rxc8 30. Ke2 Kf6 31. Rb7 Ra8 32. Rb6 Bd7 33. Bb5 Rc8
34. Ra6 Ke7 35. Bd3 Rb8 36. Rxa5 Rb3 37. h3 f5 38. Kd2 Rb2+ 39. Ke1 g5 40. Ra7
Kd8 41. a4 Rb3 42. Kd2 Ra3 43. a5 Ra1 44. a6 Bc8 45. Kc3 Ra2 46. Bc2 Rxa6 47.
Rxa6 Bxa6 48. Bxf5 h5 49. Kd4 h4 50. Ke5 Bf1 51. g3 hxg3 52. fxg3 Ke7 53. h4
gxh4 54. gxh4 Be2 55. Bg6 Bb5 56. h5 Kf8 57. Kd6 Kg7 58. Be8 Kh6 59. Bxc6 Bxc6
60. Kxc6 Kxh5 61. Kxd5 Kg6 62. Kd6 Kf7 63. Kd7 Kf6 64. c6 Ke5 65. c7 Ke4 66.
c8=Q Kxe3 67. Kd6 Ke4 68. Qe6+ Kd4 69. Qe5+ Kc4 70. Qd5+ Kb4 71. Qc5+ Kb3 72.
Kd5 Kb2 73. Kd4 Kb1 74. Kc3 Ka2 75. Qb5 Ka1 76. Qb2# 1-0

[Event "Berkeley CC Ch2011 FNM; 30/90, SD/30"]
[Site "Berkeley"]
[Date "2011.11.11"]
[Round "2.3"]
[White "Mueckenberger, Andrew"]
[Black "Gaffagan, Steven"]
[Result "0-1"]
[WhiteElo "1804"]
[BlackElo "2076"]
[PlyCount "96"]
[EventDate "2011.??.??"]
[SourceDate "2007.10.22"]

1. c4 g6 2. Nc3 Bg7 3. d4 Nf6 4. e4 d6 5. f3 O-O 6. Nge2 Nc6 7. Be3 a6 8. Qd2
Rb8 9. Bh6 b5 10. Bxg7 Kxg7 11. cxb5 axb5 12. a3 e5 13. d5 Ne7 14. Nc1 Bd7 15.
Nd3 c5 16. dxc6 Nxc6 17. Be2 Na5 18. Bd1 Qb6 19. Nb4 Be6 20. Ne2 Nb3 21. Bxb3
Bxb3 22. Nc3 Rbc8 23. Qf2 Rc5 24. O-O Rfc8 25. Rfe1 h5 26. g3 Qb7 27. Re2 h4
28. Rd2 Qe7 29. Re1 h3 30. Qe3 Bc4 31. Kf2 Be6 32. Red1 Bb3 33. Re1 Bc4 34.
Red1 Rd8 35. Nbd5 Bxd5 36. Nxd5 Nxd5 37. Rxd5 Rc2+ 38. R1d2 Rxd2+ 39. Qxd2 Qa7+
40. Kf1 Qb6 41. Qd3 Rc8 42. Qd2 Rc6 43. f4 Qc7 44. Qb4 Rc1+ 45. Ke2 Rh1 46.
Rxd6 Qc2+ 47. Kf3 Qg2+ 48. Kg4 Qe2+ 0-1

[Event "Berkeley CC Ch2011 FNM; 30/90, SD/30"]
[Site "Berkeley"]
[Date "2011.11.25"]
[Round "4.5"]
[White "Mueckenberger, Andrew"]
[Black "Glasscoe, Alan"]
[Result "1-0"]
[WhiteElo "1804"]
[BlackElo "1841"]
[PlyCount "83"]
[EventDate "2011.??.??"]
[SourceDate "2007.10.22"]

1. c4 Nc6 2. Nc3 e5 3. g3 f5 4. Bg2 Nf6 5. e3 d6 6. Nge2 Be7 7. d4 O-O 8. O-O
Qe8 9. Nd5 Bd8 10. b4 Ne7 11. Nxf6+ Rxf6 12. Bb2 Ng6 13. f4 Rf8 14. Rc1 Bf6 15.
Qc2 c6 16. Rfe1 h5 17. a4 h4 18. b5 hxg3 19. hxg3 Bd7 20. Kf2 e4 21. Ba3 Be7
22. Rh1 Rc8 23. Qb3 Be6 24. d5 cxd5 25. cxd5 Bd7 26. Nd4 Bf6 27. Ne2 Be7 28.
Rxc8 Qxc8 29. Rc1 Qb8 30. Nd4 Rc8 31. Bh3 Rf8 32. Qd1 Bd8 33. Qh5 Ne7 34. Ne6
Bxe6 35. dxe6 Rf6 36. Qe8+ Rf8 37. Qd7 Bb6 38. Bxd6 Bxe3+ 39. Kxe3 Nd5+ 40. Ke2
Rd8 41. Bxb8 Rxd7 42. exd7 1-0

[Event "Berkeley CC Christiansen FNM; 30/90, SD/"]
[Site "Berkeley"]
[Date "2012.06.01"]
[Round "4.6"]
[White "Mueckenberger, Andrew"]
[Black "Shaughnessy, Eliza"]
[Result "1-0"]
[WhiteElo "1792"]
[BlackElo "1528"]
[PlyCount "90"]
[EventDate "2012.??.??"]

1. c4 Nf6 2. Nf3 Nc6 3. Nc3 e5 4. g3 Bc5 5. Bg2 O-O 6. O-O d6 7. d3 Nd7 8. a3
a5 9. Nd5 Ne7 10. Nd2 c6 11. Nxe7+ Qxe7 12. Ne4 Bb6 13. Kh1 Nc5 14. Nc3 Ne6 15.
e3 Ng5 16. f4 exf4 17. exf4 Nh3 18. d4 Qf6 19. Be3 Qg6 20. Qd2 Bf5 21. Rfe1
Rfe8 22. Rac1 Rad8 23. d5 c5 24. b3 Bc7 25. Nb5 Bb8 26. Nc3 Re4 27. Ra1 Rde8 {
From here on, score is unclear} 28. -- Qh5 29. -- Bg4 30. Rac1 Bf3 31. Ra1 Bc7
32. -- Bd8 33. Nb5 -- 34. b4 axb4 35. axb4 b6 36. bxc5 bxc5 37. -- Qg4 38. Ra6
Be7 39. Rea1 g5 40. fxg5 Bxg5 41. Bxg5 Re2 42. Ra8 Kg7 43. Qc3+ R8e5 44. Qxf3
Qxf3 45. Bxf3 Nxg5 1-0

[Event "Berkeley CC Ch2011 FNM; 30/90, SD/30"]
[Site "Berkeley"]
[Date "2011.12.02"]
[Round "5.4"]
[White "Mueckenberger, Andrew"]
[Black "Watson, Farid Mark"]
[Result "0-1"]
[WhiteElo "1804"]
[BlackElo "2010"]
[PlyCount "92"]
[EventDate "2011.??.??"]
[SourceDate "2007.10.22"]

1. c4 c5 2. Nc3 Nf6 3. g3 d5 4. cxd5 Nxd5 5. Bg2 Nc7 6. Qb3 Nc6 7. e3 e5 8.
Nge2 Be7 9. O-O O-O 10. f4 Bd7 11. fxe5 Nxe5 12. Qxb7 Rb8 13. Qxa7 Nb5 14. Qa6
Nd3 15. a3 Nxc3 16. Nxc3 Be6 17. Qa4 c4 18. Qc2 f5 19. Ne2 Qb6 20. Nf4 Rfd8 21.
Nxd3 cxd3 22. Qa4 Bb3 23. Qf4 g6 24. Qf2 Rbc8 25. Bf3 Rc7 26. Bd1 Bxd1 27. Rxd1
Qb3 28. Rf1 Rc4 29. Qe1 Bf6 30. Qd1 Rc2 31. Rf4 Rdc8 32. Rb4 Qd5 33. Rf4 Be5
34. Rf1 h5 35. Kf2 Kg7 36. Qf3 Qb3 37. Rd1 Rh8 38. h4 Rhc8 39. a4 Qb4 40. a5
Rxc1 41. a6 Rxa1 42. Rxa1 Qxd2+ 43. Kg1 Rc1+ 44. Rxc1 Qxc1+ 45. Kf2 Qxb2+ 46.
Kf1 Qa1+ 0-1

[Event "BCC Annual Championship"]
[Site "?"]
[Date "2008.10.31"]
[Round "2.10"]
[White "Muntean, Tudor"]
[Black "Agrawal, Rajat"]
[Result "1-0"]
[WhiteElo "1491"]
[BlackElo "1330"]
[PlyCount "89"]
[EventDate "2008.??.??"]
[SourceDate "2007.10.22"]

1. e4 e5 2. Nf3 Nc6 3. Bc4 Bc5 4. b4 Bxb4 5. c3 Bc5 6. O-O Nf6 7. d4 exd4 8.
cxd4 Be7 9. Nc3 d6 10. Qb3 O-O 11. e5 dxe5 12. dxe5 Ng4 13. Rd1 Qe8 14. Nb5 Na5
15. Qa4 Nxc4 16. Qxc4 Be6 17. Qxc7 Qxb5 18. Qxe7 Nxe5 19. Nxe5 Qxe5 20. Be3 b6
21. Bd4 Qa5 22. Rd3 Rfe8 23. Qh4 Rad8 24. Bc3 g5 25. Qh6 Qxc3 26. Rxc3 Kh8 27.
Qf6+ Kg8 28. Qxg5+ Kf8 29. Qh6+ Ke7 30. Qxh7 Rd7 31. Re3 Kd8 32. Qh4+ Kc7 33.
Rc1+ Kb7 34. Qe4+ Kb8 35. Qe5+ Kb7 36. Qc3 Red8 37. Qc6+ Kb8 38. Qf3 Bxa2 39.
Ra3 Bd5 40. Qf4+ Ka8 41. Rc7 Bb7 42. Rxd7 Rxd7 43. Qa4 Bc8 44. Re3 Rc7 45. h3
1-0

[Event "BCC Adolf Anderssen Marathon"]
[Site "?"]
[Date "2009.01.09"]
[Round "1"]
[White "Muntean, Tudor"]
[Black "Andries, Craig"]
[Result "0-1"]
[WhiteElo "1428"]
[BlackElo "1867"]
[PlyCount "56"]
[EventDate "2009.??.??"]
[SourceDate "2007.10.22"]

1. e4 d6 2. d4 Nf6 3. Nc3 g6 4. Bc4 Bg7 5. Qe2 Nc6 6. Nf3 Bg4 7. Be3 O-O 8. h3
Bxf3 9. Qxf3 e5 10. O-O-O exd4 11. Bxd4 Nxd4 12. Rxd4 Nd7 13. Rd3 Ne5 14. Qg3
Nxc4 15. h4 Ne5 16. Re3 c6 17. f4 Nc4 18. Rd3 Qa5 19. a3 Qb6 20. b3 Nxa3 21.
Rxd6 Nb5 22. Nxb5 Qxb5 23. h5 Rad8 24. e5 Rxd6 25. exd6 Qb4 26. Rd1 Qa3+ 27.
Kd2 Qxd6+ 28. Ke2 Re8+ 0-1

[Event "BCC David Pruess Marathon"]
[Site "?"]
[Date "2008.09.12"]
[Round "2.8"]
[White "Muntean, Tudor"]
[Black "Cole, Tony"]
[Result "0-1"]
[WhiteElo "1491"]
[BlackElo "1391"]
[PlyCount "121"]
[EventDate "2008.??.??"]
[SourceDate "2007.10.22"]

1. e4 Nc6 2. d4 d5 3. exd5 Qxd5 4. Nf3 Bg4 5. c4 Qe4+ 6. Be3 Bxf3 7. gxf3 Qh4
8. Qa4 O-O-O 9. d5 Nd4 10. Be2 a6 11. Nc3 Nf6 12. c5 Nxd5 13. Qxd4 Nxe3 14.
Qxe3 e6 15. c6 Qb4 16. cxb7+ Qxb7 17. Qe4 c6 18. Rg1 g6 19. Rc1 Bc5 20. Na4 Rd4
21. Qe5 Bb4+ 22. Kf1 Rhd8 23. Nc5 Bxc5 24. Qxc5 R8d6 25. Rg4 R4d5 26. Qc3 e5
27. Ra4 Qd7 28. Bxa6+ Kd8 29. Kg2 Qf5 30. Qb4 Qg5+ 31. Qg4 Qxc1 32. Qc8+ Ke7
33. Qb7+ Rd7 34. Qb4+ Kf6 35. Qg4 Rd4 36. Rxd4 Rxd4 37. Qh3 Rd1 38. Qxh7 Rg1+
39. Kh3 Ke7 40. Qh4+ g5 41. Qb4+ c5 42. Qb7+ Kf6 43. Qc6+ Kg7 44. b4 g4+ 45.
fxg4 Qg5 46. f3 e4 47. Qxc5 Qh6+ 48. Qh5 Qxh5+ 49. gxh5 exf3 50. b5 f2 51. b6
f1=Q+ 52. Bxf1 Rxf1 53. a4 Rb1 54. a5 Kh6 55. Kg4 Rb4+ 56. Kf5 Rb5+ 57. Ke4
Kxh5 58. Kd4 Rxa5 59. Kc4 Ra1 60. Kc5 Rb1 61. Kc6 0-1

[Event "Berkeley CC Santasiere FNM; 30/90, SD/3"]
[Site "Berkeley CA"]
[Date "2009.08.21"]
[Round "3.7"]
[White "Muntean, Tudor"]
[Black "Cole, Tony"]
[Result "0-1"]
[WhiteElo "1578"]
[BlackElo "1504"]
[PlyCount "62"]
[EventDate "2009.??.??"]
[SourceDate "2007.10.22"]

1. e4 e5 2. Nf3 Nc6 3. Bc4 Qf6 4. O-O d6 5. h3 h6 6. Re1 Be6 7. Bd5 Nge7 8.
Bxe6 Qxe6 9. d4 Nxd4 10. Nxd4 exd4 11. Qxd4 Nc6 12. Qa4 O-O-O 13. b4 Kb8 14. b5
Ne5 15. f4 Nd7 16. Bb2 Nc5 17. Qb4 d5 18. f5 Qd7 19. Rd1 Nxe4 20. Qe1 Qxf5 21.
a4 Bc5+ 22. Bd4 Bxd4+ 23. Rxd4 Rhe8 24. Qb4 Qf2+ 25. Kh2 Qf1 26. a5 Nf2 27. b6
Qh1+ 28. Kg3 Ne4+ 29. Kf3 Qf1+ 30. Ke3 Nc5+ 31. Kd2 Qe1# 0-1

[Event "Berkeley CS Rubinstein FNM; 30/90, SD/3"]
[Site "Berkeley"]
[Date "2011.09.02"]
[Round "6.1"]
[White "Muntean, Tudor"]
[Black "Cunningham, Robin"]
[Result "1/2-1/2"]
[WhiteElo "1863"]
[BlackElo "2288"]
[PlyCount "44"]
[EventDate "2011.??.??"]
[SourceDate "2007.10.22"]

1. e4 Nf6 2. Bc4 Nxe4 3. Bxf7+ Kxf7 4. Qh5+ Kg8 5. Qd5+ e6 6. Qxe4 d5 7. Qe2 c5
8. Nf3 Nc6 9. Nc3 Qf6 10. d3 h6 11. Be3 Bd6 12. O-O-O Bd7 13. d4 c4 14. g4 Rf8
15. Ne1 g5 16. Qd2 Ne7 17. h4 Ng6 18. hxg5 hxg5 19. Rxh8+ Kxh8 20. Ng2 Qf3 21.
Rh1+ Kg7 22. Rg1 -- 1/2-1/2